De plantis toxicariis e mundo novo tropicales commentationes XXXIII: ethnobotanical, floristic and nomenclatural notes on plants of the northwest Amazon (Registro nro. 11392)

Detalles MARC
000 -CABECERA
Campo de control 006050000a22001690004500
090 ## - CLASIFICACIÓN LOCAL
Colección AR
Consecutivo 02321
041 0# - IDIOMA
Código de idioma para texto/pista de sonido o título separado
100 1# - ASIENTO PRINCIPAL--NOMBRE PERSONAL
Nombre personal Evans Schultes, Richard
245 10 - MENCION DE TITULO
Título De plantis toxicariis e mundo novo tropicales commentationes XXXIII: ethnobotanical, floristic and nomenclatural notes on plants of the northwest Amazon
650 14 - ASIENTO SECUNDARIO DE MATERIA - TERMINO TEMATICO
Término temático o nombre geográfico como elemento de entrada Etnobotánica
650 14 - ASIENTO SECUNDARIO DE MATERIA - TERMINO TEMATICO
Término temático o nombre geográfico como elemento de entrada Plantas útiles
650 14 - ASIENTO SECUNDARIO DE MATERIA - TERMINO TEMATICO
Término temático o nombre geográfico como elemento de entrada Toxicología
650 14 - ASIENTO SECUNDARIO DE MATERIA - TERMINO TEMATICO
Término temático o nombre geográfico como elemento de entrada Taxonomía vegetal
651 #4 - ASIENTO SECUNDARIO DE MATERIA - NOMBRE GEOGRAFICO
-- Colombia
773 1# - Item fuente:
Título Botanical Museum Leaflets
Especificación de materiales 1203
Descripción física 4
Paginas del Articulo 343-364
Lugar, editorial y fecha de publicación 1983
Información sobre la relación 29
942 ## - ELEMENTOS ADICIONALES (KOHA)
Tipo de ítem Artículo
Existencias
Withdrawn status Lost status Damaged status No para préstamo Colección Ubicación Permanente Ubicación actual Fecha de adquisición Fuente de Valor Datos de publicación Seriada Total Checkouts Número topográfico Inventario / Código de Barras Date last seen Ejemplar Price effective from Forma de adquisición Tipo de material
      No para Préstamo Hemeroteca Bogotá Bogotá 27/02/2015 Schmidt, Nubia de Fuera de circulación   AR 02321 012734 25/03/2015 1 25/03/2015   Artículo